| 000 | 00983nam a2200265 i 4500 | ||
|---|---|---|---|
| 001 | 91355 | ||
| 003 | ES-MaACL | ||
| 005 | 20250904234818.0 | ||
| 007 | t| | ||
| 008 | 050128s1982 sp ||||1| spa d | ||
| 100 | 1 |
_aLevi, Virgilio. _971957 |
|
| 245 | 1 | 0 |
_aDe un país lejano _b: Juan Pablo II / _cguión de A. Kijowski y J.J. Szczepanski ; texto literario de Virgilio Levi ; [la traducción por Luis León de la Barga y Miguel Angel Velasco]. |
| 250 | _a2ª ed. | ||
| 260 |
_a[Madrid : _bEdit. Católica Española, _c1982] |
||
| 300 |
_a167 p., 8 lám. ; _c18 cm. |
||
| 490 | 1 | _aBiblioteca de autores cristianos | |
| 500 | _aPrecede al tít.: La película de Krzysztof Zanussi. | ||
| 700 | 1 |
_aSzcezepanski, J. J. _9108984 |
|
| 700 | 1 |
_aLeón de la Barga, Luis. _971609 |
|
| 700 | 1 |
_aVelasco, Miguel Ángel, _d1939- _9147298 |
|
| 700 | 1 |
_aKijowski, A. _968022 |
|
| 830 | 0 | 0 |
_aBiblioteca de autores cristianos _9178679 |
| 852 |
_aES-MaACL _jL-2368 |
||
| 999 |
_c91355 _d91355 |
||